Pokemon 1. Generation nach Buchstabe K - Statistiken

Allgemein
  • Dieses Quiz wurde 27 mal gespielt
    22 seit der letzten Aktualisierung
  • Das Durchschnittsergebnis liegt bei 10 aus 14
Antwortstatistiken
Antwort % Korrekt
Kingler
94%
Krabby
94%
Kangama
78%
Kicklee
78%
Kokuna
78%
Kabuto
72%
Kabutops
72%
Karpador
67%
Kleinstein
67%
Kadabra
61%
Knogga
56%
Kokowei
56%
Knofensa
50%
Knuddeluff
39%
Keine übereinstimmenden Quizze gefunden
Verteilung der Resultate
Anzahl Personen mit jedem Resultat
Perzentil nach korrekt beantworteten Fragen
Ihre Resultats-Entwicklung
Sie haben dieses Quiz seit der letzten Aktualisierung nicht gespielt